000
00212 a2200097 4500
001
45921
100
_a
Moore H
245
_a
the nature of retirement
260
_a
New York
_b
Macmillan
_c
090
_c
29033
_d
29033
942
_a
NUST-CAE
_c
M
_c
21151
999
_c
280994
_d
280994